| 000 | 00877nas a2200313 4500 | ||
|---|---|---|---|
| 001 | BR2012005663 | ||
| 003 | BR-BrBNA | ||
| 005 | 20231205120941.0 | ||
| 007 | ta | ||
| 008 | 230509b bl.|||p| |||| 00| 00por d | ||
| 040 |
_aBR-BrBNA _bpor _cBiblioteca Nacional de Agricultura |
||
| 041 | _a(Pt) | ||
| 072 | _aL73 | ||
| 100 | 1 | _aBraz, G.F. | |
| 100 | 1 | _aRajão, D. de S. | |
| 100 | 1 | _aDel Puerto, H.L. | |
| 100 | 1 | _aAlmeida, N.R. de | |
| 100 | 1 | _aMazur, C. | |
| 245 | 1 | _aLeucemia viral felina | |
| 650 | _aLEUCEMIA | ||
| 650 | _aVÍRUS | ||
| 650 | _aEPIDEMIOLOGIA | ||
| 650 | _aINFECÇÃO | ||
| 650 | _aDESIDRATAÇÃO | ||
| 650 | _aTRANSMISSÃO DE DOENÇA | ||
| 773 | 0 |
_tCadernos Técnicos de Veterinária e Zootecnia (Brazil) _xISSN 1676-6024 _g(Jan 2012), no. 64 p. 23-34 _wBR2012005663 |
|
| 909 |
_a202311 _bLúcia _c55 _dLúcia Elande |
||
| 942 |
_2AGRIS _n0 _cANA |
||
| 999 |
_c221145 _d221145 |
||